Promoting good health and well being through Ayurvedia: A public health perspective (Record no. 531608)

000 -LEADER
fixed length control field 00959nam a22001337a 4500
008 - FIXED-LENGTH DATA ELEMENTS--GENERAL INFORMATION
fixed length control field 250918b ||||| |||| 00| 0 eng d
100 ## - MAIN ENTRY--PERSONAL NAME
Personal name Saleem, Salman
245 ## - TITLE STATEMENT
Title Promoting good health and well being through Ayurvedia: A public health perspective
260 ## - PUBLICATION, DISTRIBUTION, ETC. (IMPRINT)
Place of publication, distribution, etc Indian Institute of Public Administration Digest
300 ## - PHYSICAL DESCRIPTION
Extent 6(3), Jul-Sep, 2024: p.10-15
520 ## - SUMMARY, ETC.
Summary, etc The Sustainable Development Goals (SDGs), established by the United Nations in 2015, provide a comprehensive framework for addressing global challenges and promoting prosperity while protecting the planet. Among these goals, Goal 3, "Good Health and Well-being," specifically targets ensuring healthy lives and promoting well-being for all at all ages.- Reproduced


https://www.iipa.org.in/GyanKOSH/posts/promoting-good-health-and-well-being-through-ayurveda-a-public-health-perspective
773 ## - HOST ITEM ENTRY
Main entry heading Indian Institute of Public Administration Digest
942 ## - ADDED ENTRY ELEMENTS (KOHA)
Item type Articles
Holdings
Withdrawn status Lost status Source of classification or shelving scheme Damaged status Not for loan Permanent location Current location Date acquired Serial Enumeration / chronology Barcode Date last seen Koha item type
          Indian Institute of Public Administration Indian Institute of Public Administration 2025-09-18 6(3), Jul-Sep, 2024: p.10-15 AR137285 2025-09-18 Articles

Powered by Koha